[Event "Mechanics' Alan Benson TNM; G/2"]
[Site "San Francisco"]
[Date "2016.08.09"]
[Round "2.4"]
[White "Maser, Thomas F"]
[Black "Tsodikova, Natalya"]
[Result "0-1"]
[WhiteElo "1927"]
[BlackElo "2195"]
[PlyCount "85"]
[EventDate "2016.??.??"]

1. e4 e5 2. Nf3 Nc6 3. Bc4 Bc5 4. Nc3 Nf6 5. d3 d6 6. Bg5 h6 7. Bxf6 Qxf6 8.
Nd5 Qd8 9. c3 Bg4 10. h3 Bh5 11. b4 Bb6 12. a4 a6 13. Nxb6 cxb6 14. g4 Bg6 15.
Qe2 Qd7 16. Qe3 O-O 17. Nh4 Ne7 18. g5 Kh7 19. Rg1 d5 20. exd5 Nxd5 21. Qf3 Nf4
22. gxh6 gxh6 23. d4 Qc7 24. Nxg6 fxg6 25. Bb3 exd4 26. O-O-O d3 27. Kb2 Ne2
28. Qxd3 Nxg1 29. Rxg1 Rf6 30. h4 Qd6 31. Qe4 Rc8 32. h5 Rc7 33. hxg6+ Kg7 34.
Qe8 Rf8 35. Qe3 Re7 36. Qh3 Rxf2+ 37. Ka3 Qd2 38. Rb1 a5 39. Qh4 Re1 40. Qc4
Rxb1 41. Qg8+ Kf6 42. Qf7+ Kg5 43. Qe7+ 0-1

[Event "Mechanics' Fall TNM; G/2"]
[Site "San Francisco"]
[Date "2016.11.08"]
[Round "4.4"]
[White "Maser, Thomas F"]
[Black "Wong, Russell"]
[Result "1-0"]
[WhiteElo "1946"]
[BlackElo "2200"]
[PlyCount "65"]
[EventDate "2016.??.??"]

1. e4 d6 2. d4 Nf6 3. Nc3 g6 4. f4 Bg7 5. e5 dxe5 6. dxe5 Qxd1+ 7. Kxd1 Ng4 8.
Ke1 O-O 9. Nd5 Nc6 10. Bb5 Rd8 11. Bxc6 bxc6 12. Nxe7+ Kf8 13. Nxc8 Raxc8 14.
h3 Nh6 15. g4 Re8 16. Ne2 f6 17. exf6 Bxf6 18. Kf2 Bh4+ 19. Kf3 Rb8 20. b3 Kg8
21. Be3 g5 22. f5 Rb5 23. Nd4 Rbe5 24. Ne6 Nxf5 25. gxf5 Rxf5+ 26. Kg4 Re5 27.
Bxg5 Re4+ 28. Nf4 Be1 29. Rf1 Kg7 30. Kf3 Re3+ 31. Kg2 h6 32. Nh5+ Kg6 33. Bxe3
1-0

[Event "Mechanics' Fall TNM; G/2"]
[Site "San Francisco"]
[Date "2016.11.01"]
[Round "3.28"]
[White "Mays, Jerry L"]
[Black "Abraham, Michael D"]
[Result "1-0"]
[WhiteElo "1876"]
[BlackElo "1512"]
[Annotator "Donaldson"]
[PlyCount "97"]
[EventDate "2016.??.??"]

1. d4 Nf6 2. c4 e6 3. Nc3 d5 4. c5 Be7 5. Nf3 c6 6. e3 Nbd7 7. Be2 O-O 8. O-O
Qc7 9. Qc2 e5 10. b4 e4 11. Nd2 Ne8 12. f4 Ndf6 13. Qd1 g6 14. g4 Ng7 15. b5
Bd7 16. h3 h5 17. Rf2 b6 18. bxc6 Bxc6 19. Ba3 Rfb8 20. cxb6 axb6 21. Bxe7 Qxe7
22. g5 Nfe8 23. Qb3 Nc7 24. Rc1 Nf5 25. Ncxe4 Ra3 26. Nf6+ Kg7 27. Qc2 Rxe3 28.
Nxh5+ gxh5 29. Qxf5 Rxe2 30. Qf6+ Kg8 31. Qxe7 Rxe7 32. Rxc6 Nb5 33. Nb3 Re4
34. f5 Nxd4 35. Nxd4 Rxd4 36. g6 Rd1+ 37. Kh2 d4 38. f6 d3 39. Rd6 b5 40. Rd7
d2 $4 (40... fxg6 $11) 41. Rg2 (41. gxf7+ Kh8 (41... Kf8 42. Rg2) 42. Rf5)
41... Rc8 (41... Rf8 42. g7 Rc8 43. Rgxd2) 42. h4 (42. gxf7+ Kh8 43. Rd5) 42...
Rf1 43. gxf7+ Kh8 44. Rg7 $2 (44. Re2) 44... Rf2+ $2 (44... Rf8) 45. Kg3 Rf8
46. Kxf2 b4 47. Rxd2 Rb8 48. Rd5 Ra8 49. Rxh5# 1-0

[Event "Mechanics' Alan Benson TNM; G/2"]
[Site "San Francisco"]
[Date "2016.08.23"]
[Round "4.12"]
[White "Mays, Jerry L"]
[Black "Bayaraa, Chinguun"]
[Result "0-1"]
[WhiteElo "1876"]
[BlackElo "2023"]
[PlyCount "82"]
[EventDate "2016.??.??"]

1. e4 c5 2. Nf3 d6 3. d4 cxd4 4. Nxd4 Nf6 5. Nc3 a6 6. Bc4 e6 7. Bb3 Nbd7 8.
O-O Nc5 9. Qe2 Be7 10. f4 Qc7 11. f5 e5 12. Nf3 Nxb3 13. axb3 Bd7 14. Kh1 Bc6
15. Ng5 h6 16. Nf3 b5 17. b4 Qb7 18. Nd2 O-O 19. Re1 d5 20. exd5 Nxd5 21. Nxd5
Bxd5 22. c3 Bh4 23. Rf1 Bf6 24. Nf3 Bc4 25. Qf2 Bxf1 26. Qxf1 e4 27. Nd4 Bxd4
28. cxd4 Qd5 29. Qf2 Rac8 30. f6 Rc6 31. fxg7 Kxg7 32. Be3 Rfc8 33. Rf1 Rg6 34.
Bf4 Kg8 35. Qd2 Rc4 36. Be3 Qd6 37. b3 Rc8 38. Qf2 Qd5 39. Qf5 Qxf5 40. Rxf5
Rc3 41. Bd2 Rd3 0-1

[Event "Mechanics' Spring TNM; G/2"]
[Site "San Francisco"]
[Date "2016.04.26"]
[Round "7.16"]
[White "Mays, Jerry L"]
[Black "Boldi, Ethan Vaugh"]
[Result "0-1"]
[WhiteElo "1986"]
[BlackElo "1658"]
[PlyCount "86"]
[EventDate "2016.??.??"]

1. e4 e6 2. d4 d5 3. e5 c5 4. c3 Nc6 5. Nf3 Qb6 6. Be2 Bd7 7. O-O Nge7 8. Na3
a6 9. Rb1 Nf5 10. Nc2 Rc8 11. g4 Nfe7 12. dxc5 Qc7 13. b4 Nxe5 14. Nxe5 Qxe5
15. Nd4 Nc6 16. f4 Qc7 17. Bf3 Be7 18. f5 Ne5 19. g5 Nxf3+ 20. Qxf3 e5 21. f6
gxf6 22. gxf6 Rg8+ 23. Kh1 Bg4 24. Qf2 exd4 25. fxe7 Qxe7 26. Bg5 Qe4+ 27. Kg1
Be6 28. h4 h6 29. Rbe1 Qg4+ 30. Kh1 Qh3+ 31. Kg1 Rc7 32. Qf4 Kd7 33. Qd6+ Kc8
34. Rxe6 Qxe6 35. Rf6 Qe1+ 36. Rf1 Qxh4 37. Qd8+ Rxd8 38. Bxh4 Rg8+ 39. Kf2
dxc3 40. Rc1 d4 41. Bf6 Rd7 42. Ke2 d3+ 43. Ke3 d2 0-1

[Event "Mechanics' Fall TNM; G/2"]
[Site "San Francisco"]
[Date "2016.10.18"]
[Round "1.31"]
[White "Mays, Jerry L"]
[Black "Boldi, Nicholas Ar"]
[Result "1-0"]
[WhiteElo "1876"]
[BlackElo "1133"]
[PlyCount "95"]
[EventDate "2016.??.??"]

1. e4 e6 2. d4 d5 3. e5 c5 4. c3 Nc6 5. Nf3 Bd7 6. Be2 f6 7. O-O Be7 8. a3 Qc7
9. Bf4 b6 10. exf6 Qxf4 11. fxg7 Bf6 12. gxh8=Q Bxh8 13. g3 Qf6 14. Bb5 Qh6 15.
Qa4 Nge7 16. Nbd2 c4 17. Qd1 a6 18. Ba4 b5 19. Bc2 Nd8 20. Qe2 Nf7 21. Qe3 Qg7
22. Rfe1 O-O-O 23. Ne5 Be8 24. f4 Nd6 25. Qf3 Qh6 26. Ng4 Qg7 27. Ne5 Qh6 28.
Qg4 Bg7 29. Qg5 Qxg5 30. fxg5 Ng8 31. Bxh7 Ne7 32. Ng4 Bd7 33. Nf6 Bxf6 34.
gxf6 Nc6 35. Rf1 Rf8 36. Bg6 Kc7 37. h4 Ne8 38. Bxe8 Bxe8 39. g4 Bf7 40. Nf3
Bg6 41. Ne5 Nxe5 42. dxe5 Bf7 43. a4 Kb6 44. axb5 axb5 45. Kf2 Rg8 46. Rg1 Rh8
47. h5 Rh6 48. Rh1 1-0

[Event "Mechanics' Spring TNM; G/2"]
[Site "San Francisco"]
[Date "2016.03.15"]
[Round "1.14"]
[White "Mays, Jerry L"]
[Black "Brown, Nicholas M"]
[Result "1-0"]
[WhiteElo "1986"]
[BlackElo "1501"]
[PlyCount "61"]
[EventDate "2016.??.??"]

1. e4 e6 2. d4 d5 3. e5 c5 4. c3 Nc6 5. Nf3 cxd4 6. cxd4 Nge7 7. Bb5 Qb6 8. Nc3
Nf5 9. a3 g6 10. O-O Bg7 11. g4 Nfe7 12. Bg5 O-O 13. Bf6 a6 14. Ba4 Qxb2 15.
Qd3 Qb6 16. Qe3 Qc7 17. h4 Bd7 18. Rac1 b5 19. Bxe7 Nxe7 20. Ne4 Qd8 21. Nf6+
Kh8 22. Bb3 Ng8 23. g5 h5 24. Rc5 Ne7 25. Rfc1 Rc8 26. R1c3 Nf5 27. Qc1 Bxf6
28. gxf6 Rxc5 29. Rxc5 Qb6 30. Bc2 Nxd4 31. Qh6+ 1-0

[Event "Mechanics' Fall TNM; G/2"]
[Site "San Francisco"]
[Date "2016.11.15"]
[Round "5.14"]
[White "Mays, Jerry L"]
[Black "Campers Jr, Willie"]
[Result "0-1"]
[WhiteElo "1876"]
[BlackElo "1751"]
[Annotator "Donaldson"]
[PlyCount "65"]
[EventDate "2016.??.??"]

1. e4 e6 2. d4 d5 3. e5 c5 4. c3 Nc6 5. Nf3 Qb6 6. a3 a5 7. Bd3 Bd7 8. Bc2 {
Not needed.} (8. O-O cxd4 9. cxd4 Nxd4 10. Nxd4 Qxd4 11. Nc3 {is a good version
of the Milner-Barry Gambit (a3 and ...a5 thrown which helps White).}) 8... Nge7
9. O-O Nf5 10. g4 Nfe7 11. b3 Ng6 12. Be3 Be7 13. g5 Rc8 14. h4 cxd4 15. cxd4
Bd8 16. h5 Nge7 17. Nc3 Na7 18. Na4 Bxa4 19. bxa4 Nf5 20. Bxf5 exf5 21. Rb1 Qc7
22. Qb3 Qd7 23. Bf4 b6 24. Rfc1 O-O 25. Rxc8 Nxc8 26. Qb5 Qe6 27. Qd3 f6 28.
exf6 gxf6 29. Re1 Qd7 30. gxf6 Bxf6 31. Ne5 Qg7+ 32. Kh2 Kh8 33. Rg1 {
White is winning but lost on time!} 0-1

[Event "Mechanics' Summer TNM; G/2"]
[Site "San Francisco"]
[Date "2016.07.12"]
[Round "8.15"]
[White "Mays, Jerry L"]
[Black "Cohee, James"]
[Result "1-0"]
[WhiteElo "1945"]
[BlackElo "1721"]
[PlyCount "95"]
[EventDate "2016.??.??"]

1. e4 c5 2. Nf3 e6 3. d4 cxd4 4. Nxd4 Nc6 5. Bc4 a6 6. a3 Qc7 7. O-O Nf6 8. Nc3
d6 9. Bb3 Be7 10. Be3 O-O 11. f4 Rd8 12. f5 Nxd4 13. Bxd4 e5 14. Be3 b5 15. Nd5
Nxd5 16. Qxd5 Bb7 17. Qxf7+ Kh8 18. f6 gxf6 19. Bh6 Rg8 20. Qh5 Rg6 21. Bf7
Bxe4 22. Bxg6 Bxg6 23. Qf3 d5 24. Qxd5 Rd8 25. Qe6 Rd6 26. Qg4 Rd4 27. Qe6 Rd6
28. Qg4 Rd4 29. Qg3 Qd7 30. Qf3 Be4 31. Qh5 Bg6 32. Qf3 Be4 33. Qg3 Bg6 34. Qf3
Be4 35. Qe2 f5 36. Rad1 Bc5 37. Kh1 Qd6 38. Qh5 Qg6 39. Qxg6 hxg6 40. c3 Rd3
41. Rfe1 Bf2 42. Rxd3 Bxe1 43. Rd6 Kh7 44. Bg5 Bf2 45. Re6 Bd5 46. Rxe5 Bb3 47.
g3 Bd1 48. Kg2 1-0

[Event "Mechanics' Winter TNM; G/2"]
[Site "San Francisco"]
[Date "2016.02.09"]
[Round "6.24"]
[White "Mays, Jerry L"]
[Black "Dupree, Charles"]
[Result "0-1"]
[WhiteElo "1982"]
[BlackElo "1630"]
[PlyCount "82"]
[EventDate "2016.??.??"]

1. e4 c5 2. Nf3 e6 3. d4 cxd4 4. Nxd4 a6 5. c4 Qc7 6. Be2 Nf6 7. f3 Bd6 8. g3
Nc6 9. Be3 O-O 10. Nb3 b6 $2 11. Nc3 Rb8 12. Qd2 Bb7 13. Bxb6 Qxb6 14. Qxd6 Qb4
15. Rd1 Qxd6 16. Rxd6 Nb4 17. a3 Nc6 18. O-O Ne5 19. f4 $2 Nxe4 20. Nxe4 Bxe4
21. Nc5 Rxb2 22. Rf2 Rb1+ 23. Rd1 Rxd1+ 24. Bxd1 Nd3 25. Nxe4 Nxf2 26. Kxf2 Rb8
27. Be2 Rb3 28. a4 Ra3 29. Nc5 d6 30. Nxa6 Rxa4 31. c5 dxc5 32. Nxc5 Ra2 33.
Ne4 Ra3 34. Ng5 h6 35. Ne4 Kf8 36. h4 Ke7 37. Kg2 f6 38. g4 e5 39. fxe5 fxe5
40. g5 hxg5 41. hxg5 Ke6 {White's time expired.} 0-1

[Event "Mechanics' Fall TNM; G/2"]
[Site "San Francisco"]
[Date "2016.12.13"]
[Round "9.17"]
[White "Mays, Jerry L"]
[Black "Handler, Andrew To"]
[Result "0-1"]
[WhiteElo "1876"]
[BlackElo "1701"]
[Annotator "Donaldson"]
[PlyCount "88"]
[EventDate "2016.??.??"]

1. d4 e6 2. c4 f5 3. Nc3 Nf6 4. Bg5 Bb4 5. Nf3 (5. Qb3) (5. Qc2) 5... Bxc3+ 6.
bxc3 d6 7. e3 O-O 8. Bd3 Qe8 9. O-O e5 10. dxe5 (10. Bc2) (10. Nd2) (10. Bxf6
Rxf6 11. e4 f4 (11... Nc6) 12. c5) 10... dxe5 11. e4 f4 12. Be2 Nc6 13. Rb1 Rb8
(13... Nd7 $1) 14. Rb5 a6 (14... Nd7) 15. Rb2 Be6 (15... Nd7) 16. Qb1 b6 (16...
Nd7 17. Rxb7 Rc8) 17. a4 Qe7 (17... Nd7) 18. Qc2 h6 19. Bxf6 Rxf6 20. Rfb1 (20.
c5 Qxc5 21. Bxa6) 20... Qc5 21. Nd2 Na5 22. Nb3 Nxb3 23. Qxb3 Rff8 (23... a5
24. Qb5) (23... Bf7 24. Qb4 Rc6) 24. Qb4 Qxb4 25. Rxb4 (25. cxb4) 25... Rfd8
26. c5 a5 27. cxb6 cxb6 28. Rxb6 Rxb6 29. Rxb6 Bf7 (29... Rd2 30. Rxe6 Rxe2 31.
f3 Ra2 32. Rxe5 Rxa4) 30. Rb5 Rd2 31. Bf1 Rd1 32. Rc5 Bb3 33. f3 Bxa4 34. Kf2
Rc1 35. Rxa5 Bb3 36. Rb5 $4 (36. Be2) 36... Rxf1+ 37. Kxf1 Bc4+ 38. Ke1 Bxb5
39. Kd2 Kf7 40. g3 g5 41. gxf4 gxf4 42. Kc2 Bc4 43. Kb2 Be2 44. Kb3 Bxf3 0-1

[Event "Mechanics' Summer TNM; G/2"]
[Site "San Francisco"]
[Date "2016.06.14"]
[Round "4.14"]
[White "Mays, Jerry L"]
[Black "Harmon, Frederick"]
[Result "0-1"]
[WhiteElo "1945"]
[BlackElo "1766"]
[PlyCount "106"]
[EventDate "2016.??.??"]

1. e4 e6 2. d4 Nf6 3. Bd3 Be7 4. Nc3 Nc6 5. Nge2 Nb4 6. a3 Nxd3+ 7. Qxd3 c6 8.
O-O O-O 9. Nf4 g6 10. e5 Nd5 11. Ne4 f5 12. Nxd5 cxd5 13. Nd6 Bg5 14. f4 Be7
15. Qh3 Bxd6 16. exd6 Qb6 17. c3 Qxd6 18. Qh6 Qe7 19. Be3 Qg7 20. Qh4 b6 21.
Rf3 Ba6 22. Re1 Bd3 23. Rg3 Be4 24. Qg5 Qf6 25. Qh6 Qg7 26. Qg5 Rf6 27. Rh3
Raf8 28. Rh6 R6f7 29. Bd2 Qf6 30. Qg3 a5 31. Re3 Rg7 32. Qf2 Qd8 33. Reh3 Qc8
34. Qe2 Qc4 35. Qd1 Qa2 36. Qc1 Qb1 37. R3h4 Qxc1+ 38. Bxc1 Rc8 39. Rh3 b5 40.
Rg3 b4 41. axb4 axb4 42. h4 Kf8 43. Kf2 bxc3 44. Rxc3 Rxc3 45. bxc3 Kg8 46. g4
fxg4 47. Kg3 Bf5 48. h5 d6 49. Ba3 Rd7 50. hxg6 hxg6 51. Rh1 g5 52. fxg5 e5 53.
dxe5 dxe5 {and Black later won. Both players quit keeping score at this point.}
0-1

[Event "Mechanics' Alan Benson TNM; G/2"]
[Site "San Francisco"]
[Date "2016.09.20"]
[Round "8.28"]
[White "Mays, Jerry L"]
[Black "Harris, Clarence"]
[Result "1-0"]
[WhiteElo "1876"]
[BlackElo "1400"]
[PlyCount "41"]
[EventDate "2016.??.??"]

1. e4 e5 2. Nf3 Nc6 3. Bc4 Nf6 4. Ng5 d5 5. exd5 Na5 6. Bb5+ c6 7. dxc6 bxc6 8.
Be2 h6 9. Nf3 Bd6 10. d4 exd4 11. Qxd4 c5 12. Bb5+ Bd7 13. Qxd6 Bxb5 14. Qe5+
Qe7 15. Qxe7+ Kxe7 16. Be3 Rac8 17. Nc3 Rhd8 18. Nxb5 a6 19. Nc3 Nc4 20. Bc1
Kf8 21. O-O 1-0

[Event "Mechanics' Summer TNM; G/2"]
[Site "San Francisco"]
[Date "2016.06.28"]
[Round "6.29"]
[White "Mays, Jerry L"]
[Black "Kondakova, Elena"]
[Result "1-0"]
[WhiteElo "1945"]
[BlackElo "978"]
[Annotator "Donaldson"]
[PlyCount "55"]
[EventDate "2016.??.??"]

1. e4 e5 2. Nf3 Nc6 3. Bb5 a6 4. Ba4 Nf6 5. O-O Nxe4 6. Re1 (6. d4) 6... d5 $2
(6... Nc5 7. Bxc6 dxc6 8. Nxe5 Be7) 7. d3 (7. Nxe5 Qh4 (7... Bd6 8. Nxc6 Bxh2+
9. Kf1 Qh4) 8. g3) (7. Bxc6+ bxc6 8. d3 Nf6 9. Nxe5 Be6 10. Nxc6 Qd6 11. Nd4
$18) 7... Nc5 $2 (7... b5 $1) 8. Nxe5 Be6 9. Bxc6+ bxc6 {Diagram [#]} 10. Nxc6
(10. Qh5 $1 g6 11. Qf3) 10... Qd6 11. Ne5 Be7 12. Bf4 O-O 13. Ng6 Qb6 14. Nxf8
Bxf8 15. Qc1 (15. Nd2 Qxb2 16. Be5) 15... Be7 16. Nc3 d4 17. Nd5 Bxd5 18. Rxe7
Qg6 19. Bg3 c6 20. Qe1 Ne6 21. Qe5 Rd8 22. Re1 c5 23. f4 f6 24. Rxe6 Bxe6 25.
Qxe6+ Kf8 26. Qe7+ Kg8 27. Qxd8+ Kf7 28. Re7# 1-0

[Event "Mechanics' Winter TNM; G/2"]
[Site "San Francisco"]
[Date "2016.01.12"]
[Round "2.13"]
[White "Mays, Jerry L"]
[Black "Kuczek, Kevin W"]
[Result "1-0"]
[WhiteElo "1982"]
[BlackElo "1741"]
[PlyCount "31"]
[EventDate "2016.??.??"]

1. c4 e5 2. Nc3 Nf6 3. g3 Bc5 4. Bg2 O-O 5. d3 d6 6. Bg5 $2 Bxf2+ 7. Kxf2 Ng4+
8. Ke1 Qxg5 9. Ne4 Qg6 10. Qd2 Nc6 11. Nf3 f5 12. Nh4 Qh5 13. Qg5 Qxg5 14. Nxg5
h6 $4 15. Bd5+ Rf7 16. Bxf7+ 1-0

[Event "Mechanics' Spring TNM; G/2"]
[Site "San Francisco"]
[Date "2016.04.12"]
[Round "5.21"]
[White "Mays, Jerry L"]
[Black "Mckellar, Daniel"]
[Result "1/2-1/2"]
[WhiteElo "1986"]
[BlackElo "1616"]
[PlyCount "120"]
[EventDate "2016.??.??"]

1. e4 c5 2. Nf3 g6 3. d4 cxd4 4. Nxd4 Nc6 5. c4 Bg7 6. Be3 Nf6 7. Nc3 Ng4 8.
Nxc6 Nxe3 9. Nxd8 Nxd1 10. Nxd1 Kxd8 11. Be2 b6 12. O-O Bb7 13. Bd3 Bd4 14. Rc1
Rf8 15. Re1 f5 16. exf5 gxf5 17. Rc2 Rg8 18. Ne3 e6 19. g3 f4 20. Nf1 fxg3 21.
hxg3 h5 22. Be4 Bxe4 23. Rxe4 Bf6 24. Rd2 Ke7 25. Ne3 Rad8 26. Nf5+ Kf8 27. Nh4
Rg4 28. Rxg4 hxg4 29. Ng2 Ke7 30. Ne3 Rg8 31. b4 Bc3 32. Re2 Kd6 33. a3 Rg5 34.
Rc2 Bf6 35. Kf1 Ke7 36. Ke2 Bd4 37. Kd3 Bxe3 38. Kxe3 Rf5 39. Ra2 d5 40. cxd5
exd5 41. Kd4 Kd6 42. a4 Re5 43. a5 Re4+ 44. Kc3 b5 45. Ra1 Re2 46. Rf1 Ke5 47.
f4+ gxf3 48. Rxf3 d4+ 49. Kd3 Rb2 50. Rf7 Rxb4 51. Rxa7 Rb3+ 52. Kc2 Rxg3 53.
Rb7 Rc3+ 54. Kb2 Rc6 55. Rxb5+ Kd6 56. Rb3 Ra6 57. Ra3 Kc5 58. Kc2 Kb5 59. Kd3
Rxa5 60. Rxa5+ Kxa5 1/2-1/2

[Event "Mechanics' Spring TNM; G/2"]
[Site "San Francisco"]
[Date "2016.03.29"]
[Round "3.18"]
[White "Mays, Jerry L"]
[Black "Montoya, Daniel"]
[Result "1-0"]
[WhiteElo "1986"]
[BlackElo "1619"]
[Annotator "Donaldson"]
[PlyCount "39"]
[EventDate "2016.??.??"]

1. e4 e6 2. d4 d5 3. e5 c5 4. c3 Qb6 5. Nf3 Nc6 6. Be2 cxd4 7. cxd4 Nh6 8. Nc3
Nf5 9. Bb5 Be7 10. O-O O-O (10... Bd7) (10... h5) 11. Bxc6 bxc6 12. g4 Nh4 $2 (
12... Nh6 13. Bxh6 gxh6 14. Qd2 f5 $11) 13. Nxh4 Bxh4 {Diagram [#]} 14. g5 $1
f6 15. gxf6 Ba6 16. Qg4 g5 17. Bxg5 Bxg5 18. Qxg5+ Kf7 19. Qg7+ Ke8 20. Qe7#
1-0

[Event "Mechanics' Winter TNM; G/2"]
[Site "San Francisco"]
[Date "2016.02.23"]
[Round "8.22"]
[White "Mays, Jerry L"]
[Black "Pintor, Michael"]
[Result "1-0"]
[WhiteElo "1982"]
[BlackElo "1339"]
[PlyCount "57"]
[EventDate "2016.??.??"]

1. e4 e5 2. Nf3 Nc6 3. Bb5 a6 4. Ba4 Nf6 5. O-O b5 6. Bb3 Be7 7. c3 O-O 8. Re1
d6 9. d4 Bg4 10. Bd5 Qe8 11. Be3 Rd8 12. Nbd2 Na5 13. h3 Bh5 14. g4 Bg6 15. b4
c6 16. dxe5 Nxd5 17. exd5 Nc4 18. Nxc4 bxc4 19. exd6 Rxd6 20. Bc5 Qd8 21. Bxd6
Qxd6 22. dxc6 Bd3 23. Ne5 Bf6 24. Nxc4 Qd8 25. Ne5 Re8 26. Qxd3 Qxd3 27. Nxd3
Rxe1+ 28. Rxe1 h6 29. c7 1-0

[Event "Mechanics' Winter TNM; G/2"]
[Site "San Francisco"]
[Date "2016.01.26"]
[Round "4.12"]
[White "Mays, Jerry L"]
[Black "Robeal, Rafik"]
[Result "1/2-1/2"]
[WhiteElo "1982"]
[BlackElo "1718"]
[PlyCount "67"]
[EventDate "2016.??.??"]

1. e4 d5 2. exd5 Qxd5 3. Nf3 Bg4 4. Be2 Nf6 5. Nc3 Qa5 6. O-O e6 7. d4 c6 8. a3
Bd6 9. Re1 O-O 10. Ne5 Bxe2 11. Qxe2 Qc7 12. f4 Nbd7 13. Ne4 Nxe4 14. Qxe4 Nf6
15. Qf3 c5 16. c3 cxd4 17. cxd4 Nd5 18. Bd2 Rac8 19. Rac1 Qe7 20. f5 Rxc1 21.
Rxc1 Rd8 22. Rf1 Nf6 23. Bg5 Bxe5 24. dxe5 Qc5+ 25. Be3 Qxe5 26. fxe6 Qxe6 27.
Bxa7 b6 28. Qf2 Nd5 29. Rd1 Ra8 30. Qf3 Rxa7 31. Qxd5 Qe3+ 32. Kh1 Re7 33. Rg1
g6 34. h3 1/2-1/2

[Event "Mechanics' Fall TNM; G/2"]
[Site "San Francisco"]
[Date "2016.11.29"]
[Round "7.14"]
[White "Mays, Jerry L"]
[Black "Uzzaman, Ashik"]
[Result "0-1"]
[WhiteElo "1876"]
[BlackElo "1979"]
[Annotator "Donaldson"]
[PlyCount "102"]
[EventDate "2016.??.??"]

1. d4 Nf6 2. c4 e6 3. Nc3 Bb4 4. Bd2 O-O 5. a3 Be7 6. e4 c5 7. d5 exd5 8. cxd5
d6 9. Be2 Re8 10. Nf3 Bf8 11. O-O Bg4 12. h3 Bh5 13. Bg5 Nbd7 14. Bb5 a6 15.
Bxf6 gxf6 16. Be2 b5 17. Nh4 Bg6 18. b4 Bxe4 19. Nxe4 Rxe4 20. f4 c4 21. Bg4
Nb6 22. Bf5 Re3 23. Qh5 h6 24. Bh7+ Kxh7 25. Qxf7+ Bg7 26. Nf5 Qf8 27. Qxf8
Rxf8 28. Nxe3 f5 29. Rad1 Kg6 30. g4 fxg4 31. hxg4 Bb2 32. Nc2 h5 33. Kg2 hxg4
34. Kg3 Kf5 35. Rfe1 Rd8 36. Ne3+ Kg6 37. Nc2 Kf5 38. Re7 Rd7 39. Ne3+ Kf6 40.
Re6+ Kf7 41. Rh6 Bxa3 42. Rdh1 Bxb4 43. Rh7+ Kg8 44. Rh8+ Kf7 45. R1h7+ Kg6 46.
Rh6+ Kf7 47. R6h7+ (47. Nf5 $1 Nxd5 48. R6h7+ Ke6 49. Nd4+) 47... Kg6 48. f5+
Kf6 49. Nxg4+ Kxf5 50. Rh5+ $2 (50. Rf8+ $11) 50... Ke4 51. Nf6+ Kd3 0-1

[Event "Mechanics' Alan Benson TNM; G/2"]
[Site "San Francisco"]
[Date "2016.08.09"]
[Round "2.8"]
[White "Mays, Jerry L"]
[Black "Walder, Michael S"]
[Result "0-1"]
[WhiteElo "1876"]
[BlackElo "2090"]
[PlyCount "97"]
[EventDate "2016.??.??"]

1. e4 Nf6 2. e5 Nd5 3. c4 Nb6 4. c5 Nd5 5. Bc4 e6 6. Nc3 Nxc3 7. dxc3 Nc6 8.
Nf3 Bxc5 9. O-O b6 10. b4 Be7 11. a4 Bb7 12. a5 a6 13. Be3 b5 14. Bb3 O-O 15.
Bc2 d6 16. Qd3 g6 17. Bh6 Re8 18. Qe3 Nxe5 19. Nxe5 dxe5 20. Qxe5 Bf6 21. Qe3
Qd5 22. f3 Qc4 23. Ra3 Bd5 24. g4 Rad8 25. h4 Qc6 26. g5 Bh8 27. h5 Qd6 28. f4
Ba8 29. Rf2 c5 30. hxg6 fxg6 31. Qxc5 Qxc5 32. bxc5 Bd5 33. Rd2 Kf7 34. Kf2 Bc4
35. Ke3 Rxd2 36. Kxd2 Rc8 37. Be4 Bd5 38. Bxd5 Rd8 39. c4 bxc4 40. Ra4 Rxd5+
41. Kc2 Bd4 42. Rb4 Bxc5 43. Rxc4 Be7 44. Ra4 Bd8 45. Rb4 Rxa5 46. Rb7+ Be7 47.
Bg7 Rc5+ 48. Kd3 Kxg7 49. Rxe7+ {and Black won in a time scramble.} 0-1

[Event "Mechanics' Alan Benson TNM; G/2"]
[Site "San Francisco"]
[Date "2016.09.27"]
[Round "9.20"]
[White "Mays, Jerry L"]
[Black "Yamamoto, Craig"]
[Result "0-1"]
[WhiteElo "1876"]
[BlackElo "1550"]
[PlyCount "60"]
[EventDate "2016.??.??"]

1. e4 c5 2. Nf3 e6 3. d4 cxd4 4. Nxd4 Nc6 5. Nc3 Nf6 6. Be2 a6 7. O-O Be7 8.
Be3 O-O 9. Kh1 b5 10. a3 Bb7 11. f4 d6 12. f5 e5 13. Nf3 Re8 14. Ng5 Nd4 15.
Bxd4 exd4 16. Qxd4 Rc8 17. Rf4 h6 18. Nh3 Rc5 19. Raf1 Nd7 20. Rg4 Ne5 21. Rgf4
Bf6 22. b4 Nc6 23. e5 Bxe5 24. bxc5 Nxd4 25. f6 Bxf4 26. Nxf4 Nxe2 27. Ncxe2
Qxf6 28. Ng3 dxc5 29. Nfh5 Qc3 30. Nf5 Re1 0-1

[Event "Mechanics' Spring TNM; G/2"]
[Site "San Francisco"]
[Date "2016.04.05"]
[Round "4.29"]
[White "McCarty-Snead, Cal"]
[Black "Erdenebileg, Erkhes"]
[Result "1-0"]
[WhiteElo "1732"]
[BlackElo "1177"]
[PlyCount "37"]
[EventDate "2016.??.??"]

1. e4 e5 2. Nf3 Nc6 3. Bc4 Bc5 4. c3 Qe7 5. O-O Nf6 6. d4 exd4 7. cxd4 Bb6 8.
e5 Qb4 9. exf6 Qxc4 10. fxg7 Rg8 11. Re1+ Kd8 12. Bg5+ f6 13. Bxf6+ Ne7 14.
Bxe7+ Ke8 15. Bh4+ Kf7 16. Re7+ Kg6 17. Ne5+ Kh6 18. Qd2+ Kh5 19. Qg5# 1-0

[Event "Mechanics' Spring TNM; G/2"]
[Site "San Francisco"]
[Date "2016.04.19"]
[Round "6.24"]
[White "McCarty-Snead, Cal"]
[Black "Menghrajani, Alok"]
[Result "1-0"]
[WhiteElo "1732"]
[BlackElo "1609"]
[PlyCount "111"]
[EventDate "2016.??.??"]

1. e4 e5 2. Nf3 Nc6 3. Bc4 Nf6 4. d3 Bc5 5. O-O h6 6. c3 O-O 7. d4 Bb6 8. d5
Na5 9. Bd3 Ng4 10. b4 d6 11. bxa5 Bxa5 12. h3 Nf6 13. Bd2 Bd7 14. c4 Bb6 15.
Nc3 c6 16. Na4 Bc7 17. Nc3 cxd5 18. Nxd5 Nxd5 19. cxd5 b5 20. Rb1 a6 21. Qe2
Qe7 22. Rfc1 Bb6 23. a4 Bc5 24. axb5 a5 25. Be3 Bb4 26. Rc7 Rfc8 27. Rxc8+ Bxc8
28. Bd2 Bc5 29. Ra1 a4 30. Ne1 Qb7 31. Nc2 Bd7 32. Bb4 Bxb4 33. Nxb4 Ra5 34.
Nc6 Ra8 35. Qc2 a3 36. Qc3 a2 37. Qc2 Bxc6 38. bxc6 Qa7 39. c7 Rc8 40. Rxa2
Qxc7 41. Qxc7 Rxc7 42. Ra6 Rd7 43. Rc6 Kf8 44. Bb5 Ke7 45. Rc8 Rb7 46. Re8+ Kf6
47. Bc6 Rb4 48. f3 Rb2 49. Rd8 Ke7 50. Rd7+ Kf6 51. Rxd6+ Kg5 52. Rd7 Kh4 53.
Rxf7 g5 54. Kh2 h5 55. Rh7 Rd2 56. Be8 1-0

[Event "Mechanics' Winter TNM; G/2"]
[Site "San Francisco"]
[Date "2016.02.02"]
[Round "5.38"]
[White "McCarty-Snead, Callaghan"]
[Black "Erdenebileg, Erkhes"]
[Result "1-0"]
[WhiteElo "1700"]
[BlackElo "1196"]
[PlyCount "67"]
[EventDate "2016.??.??"]

1. e4 e5 2. Nf3 Nc6 3. Bc4 Bc5 4. O-O d6 5. h3 Be6 6. Bxe6 fxe6 7. c3 h6 8. d4
exd4 9. cxd4 Bb6 10. Nc3 Nf6 11. d5 exd5 12. exd5 Ne7 13. Nd4 Bxd4 14. Qxd4 Qd7
15. Be3 O-O 16. Rad1 Rfe8 17. Qc4 a6 18. a4 Nf5 19. Bd4 Ne4 20. Qd3 Nxc3 21.
Bxc3 c6 22. b3 Qf7 23. b4 Rad8 24. dxc6 bxc6 25. Qxa6 Ra8 26. Qxc6 Rec8 27. Qf3
Rxa4 28. Ra1 Rxa1 29. Rxa1 Qc4 30. Qxf5 Qxc3 31. Qe6+ Kh8 32. Qe1 Qd4 33. b5
Rb8 34. Rb1 {
White is much better and went on to win. Remaining moves unavailable.} 1-0